000 00334nam a22001457a 4500
008 221109b ||||| |||| 00| 0 eng d
020 _a9780413772794
041 _aeng
080 _a7
082 _a7
100 _a21.1
101 _aART
245 _aTHE METHUEN DRAMA MONOLOGUES FOR YOUNG ACTORS
_cLAPOTAIRE J
942 _2udc
_cBK
999 _c58821
_d58821